000 02184cam a2200433 a 4500
999 _c22656
_d22656
001 47973348
003 OCoLC
005 20241220112209.0
008 010905s2002 nyuab j 001 0 eng
010 _a 2001047619
020 _a0789485575 (lib. bdg.) 9781484482223
020 _a0789485567
035 _a(Sirsi) i9780789485571
040 _aDLC
_cDLC
_dCPL
_dC#P
_dXY4
_dGZD
042 _alcac
043 _an-us---
049 _aGZDA
_lls*
082 0 0 _a973.3
_221
082 _a973.3 AME 2002
092 _a973.3 AME 2002
100 1 _aMurray, Stuart,
_d1948-
_939160
245 1 0 _aAmerican Revolution /
_cwritten by Stuart Murray.
250 _a1st American ed.
260 _aNew York :
_bDK Pub.,
_c2002.
264 _aNew York
_bDK Pub.
_c2002
300 _a64 p. :
_bill. (some col.), col. maps ;
_c29 cm.
336 _atext
337 _aunmediated
338 _avolume
440 0 _aDK eyewitness books
_948105
500 _aWritten in association with the Smithsonian Institution.
500 _aIncludes index.
505 0 _aLife in British America -- War in the new world -- Taxation without representation -- Revolution's opposing leaders -- Unrest becomes revolution -- Breed's Hill and the siege of Boston -- Recruiting and training -- Armies of king and congress -- Early northern battles -- Declaration of Independence -- Battles and campaigns -- Victory at Saratoga -- Attacks on the frontier -- Winter soldier -- Symbols of freedom -- France becomes an ally -- War at sea -- Embattled New York -- Spies and traitors -- Home front and behind the lines -- Camps and prisons -- Soldier's doctor -- War for the south -- Yorktown -- Last two years of war -- Peace and the birth of a nation -- George Washington: father of his country.
520 _aA visual guide, accompanied by text, to the people, battles, and events of America's war for independence.
651 0 _aUnited States
_xHistory
_yRevolution, 1775-1783
_vJuvenile literature.
_95705032
710 2 _aDorling Kindersley Publishing, Inc.
_961631
710 2 _aSmithsonian Institution.
_96121679
942 _cBOOK
_2ddc
_050